<?xml version="1.0" encoding="UTF-8"?>
<record
    xmlns:xsi="http://www.w3.org/2001/XMLSchema-instance"
    xsi:schemaLocation="http://www.loc.gov/MARC21/slim http://www.loc.gov/standards/marcxml/schema/MARC21slim.xsd"
    xmlns="http://www.loc.gov/MARC21/slim">

  <leader>02301cam a2200337 a 4500</leader>
  <controlfield tag="003">EG-GiCUC</controlfield>
  <controlfield tag="005">20250223030927.0</controlfield>
  <controlfield tag="008">140119s2013    ua     f m    000 0 ara d</controlfield>
  <datafield tag="040" ind1=" " ind2=" ">
    <subfield code="a">EG-GiCUC</subfield>
    <subfield code="b">ara</subfield>
    <subfield code="c">EG-GiCUC</subfield>
  </datafield>
  <datafield tag="041" ind1="0" ind2=" ">
    <subfield code="a">ara</subfield>
  </datafield>
  <datafield tag="049" ind1=" " ind2=" ">
    <subfield code="a">&#x627;&#x64A;&#x62F;&#x627;&#x639;</subfield>
  </datafield>
  <datafield tag="097" ind1=" " ind2=" ">
    <subfield code="a">&#x62F;&#x643;&#x62A;&#x648;&#x631;&#x627;&#x647;</subfield>
  </datafield>
  <datafield tag="099" ind1=" " ind2=" ">
    <subfield code="a">Cai01.03.04.Ph.D.2013.&#x62F;&#x627;.&#x628;</subfield>
  </datafield>
  <datafield tag="100" ind1="0" ind2=" ">
    <subfield code="a">&#x62F;&#x627;&#x644;&#x64A;&#x627; &#x623;&#x62D;&#x645;&#x62F; &#x631;&#x634;&#x62F;&#x64A; &#x639;&#x631;&#x641;&#x627;&#x62A;</subfield>
  </datafield>
  <datafield tag="245" ind1="1" ind2="2">
    <subfield code="a">&#x627;&#x644;&#x628;&#x639;&#x62F; &#x627;&#x644;&#x646;&#x641;&#x633;&#x64A; &#x641;&#x64A; &#x62A;&#x633;&#x648;&#x64A;&#x629; &#x648; &#x62D;&#x644; &#x627;&#x644;&#x635;&#x631;&#x627;&#x639;&#x627;&#x62A; &#x627;&#x644;&#x62F;&#x648;&#x644;&#x64A;&#x629; : </subfield>
    <subfield code="b">&#x62F;&#x631;&#x627;&#x633;&#x629; &#x62D;&#x627;&#x644;&#x629; &#x644;&#x644;&#x635;&#x631;&#x627;&#x639; &#x627;&#x644;&#x639;&#x631;&#x628;&#x64A; &#x627;&#x644;&#x625;&#x633;&#x631;&#x627;&#x626;&#x64A;&#x644;&#x64A; / </subfield>
    <subfield code="c">&#x62F;&#x627;&#x644;&#x64A;&#x627; &#x623;&#x62D;&#x645;&#x62F; &#x631;&#x634;&#x62F;&#x64A; &#x639;&#x631;&#x641;&#x627;&#x62A; &#x61B; &#x625;&#x634;&#x631;&#x627;&#x641; &#x623;&#x62D;&#x645;&#x62F; &#x64A;&#x648;&#x633;&#x641; &#x623;&#x62D;&#x645;&#x62F; : &#x642;&#x62F;&#x631;&#x64A; &#x645;&#x62D;&#x645;&#x648;&#x62F; &#x62D;&#x641;&#x646;&#x64A;</subfield>
  </datafield>
  <datafield tag="246" ind1="1" ind2="5">
    <subfield code="a">The psychological dimension in international conflicts settlement and resolution : </subfield>
    <subfield code="b">Case study : the Arab - Israeli conflict</subfield>
  </datafield>
  <datafield tag="260" ind1=" " ind2=" ">
    <subfield code="a">&#x627;&#x644;&#x642;&#x627;&#x647;&#x631;&#x629; : </subfield>
    <subfield code="b">&#x62F;&#x627;&#x644;&#x64A;&#x627; &#x623;&#x62D;&#x645;&#x62F; &#x631;&#x634;&#x62F;&#x64A; &#x639;&#x631;&#x641;&#x627;&#x62A; : </subfield>
    <subfield code="c">2013</subfield>
  </datafield>
  <datafield tag="300" ind1=" " ind2=" ">
    <subfield code="a">599 &#x635; &#x61B; </subfield>
    <subfield code="c">25&#x633;&#x645;</subfield>
  </datafield>
  <datafield tag="502" ind1=" " ind2=" ">
    <subfield code="a">&#x627;&#x637;&#x631;&#x648;&#x62D;&#x629; (&#x62F;&#x643;&#x62A;&#x648;&#x631;&#x627;&#x647;) - &#x62C;&#x627;&#x645;&#x639;&#x629; &#x627;&#x644;&#x642;&#x627;&#x647;&#x631;&#x629; - &#x643;&#x644;&#x64A;&#x629; &#x627;&#x644;&#x625;&#x642;&#x62A;&#x635;&#x627;&#x62F; &#x648; &#x627;&#x644;&#x639;&#x644;&#x648;&#x645; &#x627;&#x644;&#x633;&#x64A;&#x627;&#x633;&#x64A;&#x629; - &#x642;&#x633;&#x645; &#x627;&#x644;&#x639;&#x644;&#x648;&#x645; &#x627;&#x644;&#x633;&#x64A;&#x627;&#x633;&#x64A;&#x629;</subfield>
  </datafield>
  <datafield tag="520" ind1=" " ind2=" ">
    <subfield code="a">&#x642;&#x627;&#x645;&#x62A; &#x627;&#x644;&#x62F;&#x631;&#x627;&#x633;&#x629; &#x628;&#x627;&#x644;&#x628;&#x62D;&#x62B; &#x641;&#x64A; &#x62F;&#x648;&#x631; &#x627;&#x644;&#x639;&#x627;&#x645;&#x644; &#x627;&#x644;&#x646;&#x641;&#x633;&#x64A; &#x641;&#x64A; &#x62A;&#x633;&#x648;&#x64A;&#x629; &#x648; &#x62D;&#x644; &#x627;&#x644;&#x635;&#x631;&#x627;&#x639;&#x627;&#x62A; &#x627;&#x644;&#x62F;&#x648;&#x644;&#x64A;&#x629; : &#x628;&#x627;&#x644;&#x62A;&#x631;&#x643;&#x64A;&#x632; &#x639;&#x644;&#x649; &#x627;&#x644;&#x635;&#x631;&#x627;&#x639;&#x627;&#x62A; &#x627;&#x644;&#x62F;&#x648;&#x644;&#x64A;&#x629; &#x627;&#x644;&#x645;&#x62A;&#x635;&#x644;&#x628;&#x629; &#x627;&#x644;&#x62A;&#x64A; &#x64A;&#x645;&#x62B;&#x644; &#x627;&#x644;&#x635;&#x631;&#x627;&#x639; &#x627;&#x644;&#x639;&#x631;&#x628;&#x64A; &#x627;&#x644;&#x627;&#x633;&#x631;&#x627;&#x626;&#x64A;&#x644;&#x64A; &#x623;&#x62D;&#x62F; &#x627;&#x644;&#x623;&#x645;&#x62B;&#x644;&#x629; &#x627;&#x644;&#x648;&#x627;&#x636;&#x62D;&#x629; &#x639;&#x644;&#x64A;&#x647;&#x627; : &#x648; &#x630;&#x644;&#x643; &#x645;&#x646; &#x62E;&#x644;&#x627;&#x644; &#x62A;&#x62D;&#x644;&#x64A;&#x644; &#x627;&#x644;&#x645;&#x639;&#x648;&#x642;&#x627;&#x62A; &#x627;&#x644;&#x646;&#x641;&#x633;&#x64A;&#x629; &#x627;&#x644;&#x62A;&#x64A; &#x62A;&#x639;&#x648;&#x642; &#x62D;&#x644; &#x647;&#x630;&#x627; &#x627;&#x644;&#x646;&#x648;&#x639; &#x645;&#x646; &#x627;&#x644;&#x635;&#x631;&#x627;&#x639;&#x627;&#x62A; : &#x648; &#x627;&#x644;&#x648;&#x642;&#x648;&#x641; &#x639;&#x644;&#x649; &#x627;&#x644;&#x622;&#x644;&#x64A;&#x627;&#x62A; &#x627;&#x644;&#x646;&#x641;&#x633;&#x64A;&#x629; &#x627;&#x644;&#x62A;&#x64A; &#x64A;&#x645;&#x643;&#x646; &#x623;&#x646; &#x62A;&#x633;&#x627;&#x647;&#x645; &#x641;&#x64A; &#x62A;&#x633;&#x648;&#x64A;&#x62A;&#x647;&#x627; &#x648; &#x62D;&#x644;&#x647;&#x627; : &#x645;&#x639; &#x627;&#x644;&#x62A;&#x637;&#x628;&#x64A;&#x642; &#x639;&#x644;&#x649; &#x627;&#x644;&#x635;&#x631;&#x627;&#x639; &#x627;&#x644;&#x639;&#x631;&#x628;&#x64A; &#x627;&#x644;&#x627;&#x633;&#x631;&#x627;&#x626;&#x64A;&#x644;&#x64A; &#x627;&#x644;&#x630;&#x64A; &#x62A;&#x644;&#x639;&#x628; &#x627;&#x644;&#x639;&#x648;&#x627;&#x645;&#x644; &#x627;&#x644;&#x646;&#x641;&#x633;&#x64A;&#x629; &#x62F;&#x648;&#x631;&#x622; &#x643;&#x628;&#x64A;&#x631;&#x622; &#x641;&#x64A; &#x62A;&#x639;&#x642;&#x64A;&#x62F;&#x647; &#x648; &#x62A;&#x635;&#x644;&#x628;&#x647;</subfield>
  </datafield>
  <datafield tag="530" ind1=" " ind2=" ">
    <subfield code="a">&#x635;&#x62F;&#x631; &#x627;&#x64A;&#x636;&#x627; &#x643;&#x642;&#x631;&#x635; &#x645;&#x62F;&#x645;&#x62C;</subfield>
  </datafield>
  <datafield tag="653" ind1=" " ind2="4">
    <subfield code="a">&#x627;&#x644;&#x628;&#x639;&#x62F; &#x627;&#x644;&#x646;&#x641;&#x633;&#x64A;</subfield>
  </datafield>
  <datafield tag="653" ind1=" " ind2="4">
    <subfield code="a">&#x627;&#x644;&#x635;&#x631;&#x627;&#x639; &#x627;&#x644;&#x62F;&#x648;&#x644;&#x64A;</subfield>
  </datafield>
  <datafield tag="653" ind1=" " ind2="4">
    <subfield code="a">&#x627;&#x644;&#x635;&#x631;&#x627;&#x639; &#x627;&#x644;&#x639;&#x631;&#x628;&#x64A; &#x627;&#x644;&#x625;&#x633;&#x631;&#x627;&#x626;&#x64A;&#x644;&#x64A;</subfield>
  </datafield>
  <datafield tag="700" ind1="0" ind2=" ">
    <subfield code="a">&#x623;&#x62D;&#x645;&#x62F; &#x64A;&#x648;&#x633;&#x641; &#x623;&#x62D;&#x645;&#x62F; : </subfield>
    <subfield code="e">&#x645;&#x634;&#x631;&#x641;</subfield>
  </datafield>
  <datafield tag="700" ind1="0" ind2=" ">
    <subfield code="a">&#x642;&#x62F;&#x631;&#x64A; &#x645;&#x62D;&#x645;&#x648;&#x62F; &#x62D;&#x641;&#x646;&#x64A; : </subfield>
    <subfield code="e">&#x645;&#x634;&#x631;&#x641;</subfield>
  </datafield>
  <datafield tag="856" ind1=" " ind2=" ">
    <subfield code="u">http://172.23.153.220/th.pdf</subfield>
  </datafield>
  <datafield tag="905" ind1=" " ind2=" ">
    <subfield code="a">Enas</subfield>
    <subfield code="e">Cataloger</subfield>
  </datafield>
  <datafield tag="905" ind1=" " ind2=" ">
    <subfield code="a">Nazla</subfield>
    <subfield code="e">Revisor</subfield>
  </datafield>
  <datafield tag="942" ind1=" " ind2=" ">
    <subfield code="2">ddc</subfield>
    <subfield code="c">TH</subfield>
  </datafield>
  <datafield tag="999" ind1=" " ind2=" ">
    <subfield code="c">44891</subfield>
    <subfield code="d">44891</subfield>
  </datafield>
  <datafield tag="952" ind1=" " ind2=" ">
    <subfield code="2">ddc</subfield>
    <subfield code="7">0</subfield>
    <subfield code="a">CUCL</subfield>
    <subfield code="b">cl210</subfield>
    <subfield code="d">2024-02-11</subfield>
    <subfield code="o">Cai01.03.04.Ph.D.2013.&#x62F;&#x627;.&#x628;</subfield>
    <subfield code="p">01010100018543000</subfield>
    <subfield code="r">2023-09-22 00:00:00</subfield>
    <subfield code="y">TH</subfield>
  </datafield>
  <datafield tag="952" ind1=" " ind2=" ">
    <subfield code="2">ddc</subfield>
    <subfield code="7">0</subfield>
    <subfield code="a">CUCL</subfield>
    <subfield code="b">cl2u8</subfield>
    <subfield code="d">2024-02-11</subfield>
    <subfield code="o">Cai01.03.04.Ph.D.2013.&#x62F;&#x627;.&#x628;</subfield>
    <subfield code="p">01020100018543000</subfield>
    <subfield code="r">2023-09-22 00:00:00</subfield>
    <subfield code="t">18543.CD  </subfield>
    <subfield code="y">CD</subfield>
  </datafield>
</record>
